00506nam a2200169Ia 450000500170000000800410001702000150005808200130007310000220008624500170010826000440012530000160016950000320018594200060021795200980022399900150032120250324020309.0240331s9999 xx 000 0 und d a9559078011 bWIJa891 aWijesiriwardena,S 0aNil kirillee aColombobWomen & media collectingc1998 aiv, 72 p ., aChoola kuwan vithili nadaka cL 001040708LaWERCLbWERCLcSSCd2024-03-31l0o 891.48 WIJp2677r2024-03-31w2024-03-31yL c4941d4941